Statistics for NFL Players with consecutive rushing titles

Click here to take the quiz!

General Stats

  • This quiz has been taken 10 times
  • The average score is 8 of 13

Answer Stats

Player% Correct
Jim Brown
100%
O.J. Simpson
100%
Derrick Henry
89%
Emmitt Smith
89%
Barry Sanders
78%
Earl Campbell
78%
Eric Dickerson
78%
LaDainian Tomlinson
78%
Edgerrin James
56%
Steve Van Buren
33%
Joe Perry
11%
Leroy Kelly
11%
Bill Paschal
0%

Score Distribution

Percentile by Number Answered

Percent of People with Each Score

Your Score History

You have not taken this quiz